New England Patriots Head Coaches by Picture - Statistics

General Stats
  • This quiz has been taken 45 times
    7 since last reset
  • The average score is 6 of 16
Answer Stats
Picture Hint Answer % Correct
2000-2023 Bill Belichick
100%
2025-Present Mike Vrabel
100%
1993-1996 Bill Parcells
86%
1997-1999 Pete Carroll
86%
2024 Jerod Mayo
57%
1984-1989 Raymond Berry
43%
1982-1984 Ron Meyer
43%
1991-1992 Dick MacPherson
29%
1960-1961 Lou Saban
29%
1979-1981 Ron Erhardt
29%
1973-1978 Chuck Fairbanks
14%
1961-1968 Mike Holovak
14%
1990 Rod Rust
14%
1969-1970 Clive Rush
0%
1970-1972 John Mazur
0%
1972 Phil Bengtson
0%
No matching quizzes found
Score Distribution
Percent of People with Each Score
Percentile by Number Answered
Your Score History
You have not taken this quiz since the last reset